Lượn Thương - Lễ hội Lồng Tồng Việt Bắc
Giới thiệu về lễ hội Lồng tồng, những bài hát Lượn thương và những hoạt động văn hóa dân gian cổ truyền vùng Việt Bắc ..
Na minha lista:
| Autor principal: | |
|---|---|
| Formato: | Livro |
| Idioma: | Undetermined |
| Publicado em: |
Hà Nội
Văn hóa Thông tin
2013
|
| Assuntos: | |
| Tags: |
Adicionar Tag
Sem tags, seja o primeiro a adicionar uma tag!
|
| Thư viện lưu trữ: | Trung tâm Học liệu Trường Đại học Cần Thơ |
|---|
| LEADER | 00813nam a2200205Ia 4500 | ||
|---|---|---|---|
| 001 | CTU_187429 | ||
| 008 | 210402s9999 xx 000 0 und d | ||
| 082 | |a 394.269597 | ||
| 082 | |b V312 | ||
| 100 | |a Ma, Văn Vịnh | ||
| 245 | 0 | |a Lượn Thương - Lễ hội Lồng Tồng Việt Bắc | |
| 245 | 0 | |c Ma Văn Vịnh | |
| 260 | |a Hà Nội | ||
| 260 | |b Văn hóa Thông tin | ||
| 260 | |c 2013 | ||
| 520 | |a Giới thiệu về lễ hội Lồng tồng, những bài hát Lượn thương và những hoạt động văn hóa dân gian cổ truyền vùng Việt Bắc .. | ||
| 650 | |a Folk festival,Lễ hội dân gian | ||
| 650 | |z Vietnam,Việt Nam | ||
| 910 | |a Hải | ||
| 980 | |a Trung tâm Học liệu Trường Đại học Cần Thơ | ||